Philostratus : the elder, the younger images, Callistratus descriptions
Αποθηκεύτηκε σε:
| Κύριος συγγραφέας: | |
|---|---|
| Άλλοι συγγραφείς: | |
| Μορφή: | Βιβλίο |
| Γλώσσα: | English Ancient Greek |
| Δημοσίευση: |
Cambridge, Mass.; : London :
Harvard University Press, Heinemann,
1979
|
| Σειρά: | Loeb classical library ;
; 256 |
| Θέματα: | |
| Ετικέτες: |
Προσθήκη ετικέτας
Δεν υπάρχουν, Καταχωρήστε ετικέτα πρώτοι!
|
MARC
| LEADER | 00000nam a2200000 i 4500 | ||
|---|---|---|---|
| 001 | 1/22496 | ||
| 008 | 960710s1979 eng d | ||
| 020 | |a 0-674-99282-2 | ||
| 035 | |l 10021910 | ||
| 040 | |a GR-MY-UA |b gre |e aacr | ||
| 041 | 0 | |a eng |a grc | |
| 082 | 0 | |a 704.9470938 |2 (22) | |
| 100 | 1 | |a Φιλόστρατος Φλάβιος |d π. 165-245. | |
| 245 | 1 | 0 | |a Philostratus : |b the elder, the younger images, Callistratus descriptions / |c [Φιλόστρατος Φλάβιος] ; μετάφραση: Arthur Fairbanks |
| 246 | 3 | 4 | |a Philostratus |b ; imagines |
| 260 | |a Cambridge, Mass.; : |a London : |b Harvard University Press, |b Heinemann, |c 1979 | ||
| 300 | |a 447 σ.; |c 17 εκ. | ||
| 490 | 1 | |a Loeb classical library |v ; 256 | |
| 504 | |a Περιλαμβάνει ευρετήριο | ||
| 600 | 1 | 0 | |a Φιλόστρατος Φλάβιος |d π. 165-245. |
| 650 | 0 | 0 | |a Painting |y Early work to 1800. |
| 650 | 0 | 0 | |a Painting, Greco-Roman. |
| 650 | 0 | 0 | |a Mythology, Classical, in art. |
| 650 | 0 | 0 | |a Painting in literature. |
| 650 | 0 | 0 | |a Art and mythology. |
| 700 | 1 | |a Fairbanks, A. |4 trl | |
| 830 | 0 | |a Loeb classical library ; |v ; 256 | |
| 852 | |a INST |b CHIOS |e 19960710 |h 704.9470938 ΦΙΛ |p 005200007310 |q 005200007310 |t BK |y 0 | ||
| 909 | |a Χ |b 031882 | ||
| 922 | |a 2ΕΛΗ |b 199311 |c ΦΡΑΓΚΟΜΙΧΑΛΟΣ |d LEADER BOOKS | ||